| 000 | 00499nam a2200121Ia 4500 | ||
|---|---|---|---|
| 008 | 220615s9999||||xx |||||||||||||| ||und|| | ||
| 100 | _aKühne, Hildegard | ||
| 245 | 0 | _aAnalysis and recognition of human actions with flow features and temporal models | |
| 546 | _aEnglish[eng] | ||
| 650 | _aVideoanalyse||motion features||generative ModelleAction recognition||generative models||Bewegungsmerkmale||Bewegungserkennung||video analysis | ||
| 856 | _uhttps://www.ksp.kit.edu/9783731502821 | ||
| 942 | _cEB | ||
| 999 |
_c8460 _d8460 |
||